[Event "Jacques Jaudran mem-B corr"]
[Site "France AJEC"]
[Date "2004.01.15"]
[Round "?"]
[White "Armand, Loick"]
[Black "Moutardier, Dominique"]
[Result "0-1"]
[WhiteElo "1800"]
[BlackElo "2272"]
[PlyCount "56"]
[EventDate "2004.??.??"]
[EventType "tourn (corr)"]
[EventRounds "14"]
[EventCountry "FRA"]
[SourceTitle "Corr 2011"]
[Source "ChessBase"]
[SourceDate "2010.08.31"]
[SourceVersion "1"]
[SourceVersionDate "2010.08.31"]
[SourceQuality "1"]

1. e3 Nf6 2. d4 d5 3. Nc3 Bf5 4. Bd3 Qd7 5. Nf3 Nc6 6. Bxf5 Qxf5 7. Ne5 Nxe5 8. dxe5 Qxe5 9. Nb5 0-0-0 10. Nxa7+ Kb8 11. Nb5 e6 12. 0-0 h5 13. Qd4 Qxd4 14. Nxd4 e5 15. Nf3 Bd6 16. Ng5 Rd7 17. Bd2 h4 18. Bc3 Rh5 19. f4 Ng4 20. fxe5 Bxe5 21. Rxf7 Rxf7 22. Nxf7 Bxh2+ 23. Kh1 Rf5 24. Nd8 Be5 25. Bxe5 Rxe5 26. Rc1 Re7 27. Rf1 Nf6 28. g4 hxg3 0-1

[Event "Jacques Jaudran mem-B corr"]
[Site "France AJEC"]
[Date "2004.01.15"]
[Round "?"]
[White "Picard, Jean"]
[Black "Moutardier, Dominique"]
[Result "1/2-1/2"]
[WhiteElo "1800"]
[BlackElo "2272"]
[PlyCount "156"]
[EventDate "2004.??.??"]
[EventType "tourn (corr)"]
[EventRounds "14"]
[EventCountry "FRA"]
[SourceTitle "Corr 2011"]
[Source "ChessBase"]
[SourceDate "2010.08.31"]
[SourceVersion "1"]
[SourceVersionDate "2010.08.31"]
[SourceQuality "1"]

1. d4 Nf6 2. Nf3 b6 3. e3 Bb7 4. Nbd2 e6 5. Bd3 c5 6. 0-0 Be7 7. c3 cxd4 8. exd4 0-0 9. Re1 d6 10. Qe2 Nbd7 11. a4 Qc7 12. Nc4 Rfe8 13. Bf4 a6 14. h3 Nd5 15. Bg3 Rac8 16. Na3 Nb8 17. Nc2 Nf6 18. Ng5 Bf8 19. Ne3 h6 20. Nf3 Nh5 21. Bh2 g6 22. Ng4 f5 23. Ne3 e5 24. dxe5 dxe5 25. Nc4 Nf4 26. Bxf4 exf4 27. Qxe8 Rxe8 28. Rxe8 Bxf3 29. gxf3 Nd7 30. Rae1 Kg7 31. Bf1 a5 32. Ne5 Nxe5 33. R1xe5 Bc5 34. Bb5 Qd6 35. R8e6 Qd2 36. Re2 Qd1+ 37. Kg2 g5 38. Rc6 g4 39. hxg4 fxg4 40. fxg4 Qd5+ 41. Kg1 Qd1+ 42. Kh2 Qd8 43. g5 Qxg5 44. Rc7+ Kf6 45. Be8 Qh4+ 46. Kg1 Qg3+ 47. Kf1 Qd3 48. Rd7 Bd6 49. Rf7+ Kg5 50. Rg7+ Kh4 51. Bb5 Qd5 52. Re1 Bc5 53. Kg1 Qd2 54. Re2 Qd1+ 55. Kh2 h5 56. Bc4 Qxa4 57. Re4 Bd6 58. f3 b5 59. Rg1 bxc4 60. Re2 Qd7 61. Kh1 Bc5 62. Rh2+ Qh3 63. Ra1 Kg3 64. Rxh3+ Kxh3 65. Rxa5 Be3 66. Rg5 Kh4 67. Rg8 Kh3 68. Rc8 Kg3 69. Rxc4 Kxf3 70. Rc7 Ke2 71. c4 f3 72. Rf7 f2 73. Kg2 h4 74. b4 h3+ 75. Kxh3 f1Q+ 76. Rxf1 Kxf1 77. c5 Ke2 78. Kg4 Kd3 1/2-1/2

[Event "Jacques Jaudran mem sf3 corr"]
[Site "France AJEC"]
[Date "2002.06.15"]
[Round "?"]
[White "Schrader, Edmond"]
[Black "Moutardier, Dominique"]
[Result "0-1"]
[WhiteElo "2206"]
[BlackElo "1781"]
[PlyCount "78"]
[EventDate "2002.06.15"]
[EventType "tourn (corr)"]
[EventRounds "10"]
[EventCountry "FRA"]
[SourceTitle "Corr 2011"]
[Source "ChessBase"]
[SourceDate "2010.08.31"]
[SourceVersion "1"]
[SourceVersionDate "2010.08.31"]
[SourceQuality "1"]

1. e4 e5 2. Nf3 Nc6 3. Bb5 a6 4. Ba4 Bc5 5. 0-0 d6 6. d4 exd4 7. Nxd4 Bd7 8. Nxc6 bxc6 9. Nc3 Bb6 10. Qf3 Qf6 11. Qg3 Ne7 12. Bg5 Qg6 13. Rad1 f6 14. Bf4 Qxg3 15. Bxg3 g5 16. Rfe1 Ng6 17. Ne2 h5 18. h3 0-0-0 19. Nd4 Rdg8 20. Bb3 Rf8 21. Nf5 h4 22. Bh2 Kb7 23. Bc4 Ne5 24. Be2 d5 25. Bd3 Rhg8 26. Kf1 g4 27. hxg4 Nxg4 28. Bg1 h3 29. gxh3 Ne5 30. Be2 Bc8 31. Bg4 Nxg4 32. hxg4 Rxg4 33. Ng3 Rg7 34. exd5 cxd5 35. Rxd5 Bh3+ 36. Ke2 Re8+ 37. Kd2 Rxe1 38. Kxe1 Rxg3 39. fxg3 Bxg1 0-1